000 00570nam a2200193Ia 4500
005 20250508152638.0
008 008 250505s9999 xx 000 0 eng d
037 _aTextual
040 _aFEDL
_beng
_cFEDL
041 _aeng
_2eng
084 _a379.11, KNE
_qFEDL
100 _aKnezevich Stephen J
245 0 _aBusiness management of local school systems
260 _aNew York, USA
_bHarper and Brothers Publisher
_c1960
300 _avii,328p.
700 _a Fowlkes John Guy
_9762049
942 _cTEXL
_h379.11, KNE
999 _c1337786
_d1337786